000 00452cam a2200181ua 4500
001 2214
008 110805n ii |||gr||||Z||||||eng
040 _cMAIN
082 _a370
100 _aRao, V. K.,
_eAuthor.
245 1 _aEmerging trends of education
_cby V. K. Rao
250 _a1st.
260 _aNew Delhi:
_bRajat publication,
_c2003.
300 _a308p:
_c23cm.
653 _aEducation
653 _aEmerging trends of education
942 _cBK
999 _c2082
_d2082